Analysis of the clutch releasing bearing from point of dynamics using a dynamic simulation

Salvato in:
Dettagli Bibliografici
Autore principale: Parmar, Kirtarsinh Dharmendrasinh (Autore)
Altri autori: Žiaran, Stanislav (Relatore della tesi)
Natura: Manoscritto Libro
Lingua:slovacco
inglese
Pubblicazione: 2018
Soggetti:
Accesso online:http://is.stuba.sk/zp/portal_zp.pl?podrobnosti=134638
Tags: Aggiungi Tag
Nessun Tag, puoi essere il primo ad aggiungerne!!

MARC

LEADER 00000ntm a22000003a 4500
001 stuzp67630
003 SK-STU
005 20180820154931.7
007 ta
008 150427s2015----xo-----f-mn---000-0-slo-d
040 |a STU  |b slo 
041 0 |a eng 
100 1 |a Parmar, Kirtarsinh Dharmendrasinh  |u 020010  |4 aut  |U SjF Strojnícka fakulta  |T SjF Ústav aplikovanej mechaniky a mechatroniky  |X 83187  |U J0010  |Y 801  |7 83187 
242 0 1 |a Analýza spojkového ložiska z hľadiska dynamických simulácií  |y slo 
245 1 0 |a Analysis of the clutch releasing bearing from point of dynamics using a dynamic simulation 
260 |c 2018 
650 4 |a Spojkové ložisko  |2 slo 
650 4 |a model  |2 slo 
650 4 |a modálna analýza  |2 slo 
650 4 |a Modal analysis  |2 eng 
650 4 |a Clutch bearing  |2 eng 
650 4 |a Model  |2 eng 
700 1 |a Žiaran, Stanislav  |u 020010  |k Z1  |4 ths  |U SjF Strojnícka fakulta  |T SjF Ústav aplikovanej mechaniky a mechatroniky  |X 2470  |U J0010  |Y 801  |7 A000002470 
856 4 |u http://is.stuba.sk/zp/portal_zp.pl?podrobnosti=134638